Estudio de prevalencia topología y causa de la violencia en los centros educativos de básica y media de la Repúblida Dominicana (Record no. 9149)

MARC details
000 -LEADER
campo de control de longitud fija 00605nam a2200193Ia 4500
001 - NÚMERO DE CONTROL
campo de control 3873
003 - IDENTIFICADOR DE NÚMERO DE CONTROL
campo de control OSt
005 - FECHA Y HORA DE LA ÚLTIMA TRANSACCIÓN
campo de control 20250304140731.0
008 - DATOS DE LONGITUD FIJA--INFORMACIÓN GENERAL
campo de control de longitud fija 241024s9999 xx 000 0 und d
020 ## - NÚMERO INTERNACIONAL ESTÁNDAR DEL LIBRO
Número Internacional Estándar del Libro 978-9945-8859-4-1
040 ## - FUENTE DE CATALOGACIÓN
Centro catalogador/agencia de origen CGIP0036
Lengua de catalogación spa
Centro/agencia transcriptor CGIP0036
Normas de descripción rda
082 ## - NÚMERO DE LA CLASIFICACIÓN DECIMAL DEWEY
Número de clasificación RD/370.97293/ID19e/2014
100 ## - ENTRADA PRINCIPAL--NOMBRE DE PERSONA
Nombre de persona República Dominicana. IDEICE
245 #0 - MENCIÓN DEL TÍTULO
Título Estudio de prevalencia topología y causa de la violencia en los centros educativos de básica y media de la Repúblida Dominicana
260 ## - PUBLICACIÓN, DISTRIBUCIÓN, ETC.
Nombre del editor, distribuidor, etc. Santo Dominga
Fecha de publicación, distribución, etc. 2014
901 ## - ELEMENTOS DE DATOS A LOCAL LDA (RLIN)
a 12/12/2014 3:18:43 p.m.
942 ## - ELEMENTOS DE ENTRADA SECUNDARIOS (KOHA)
Fuente de la clasificación o esquema de estantería Clasificación Decimal Dewey
Tipo de ítem Koha Libros
Suprimir en OPAC No

No items available.

© 2024. Todos los Derechos Reservados. Desarrollado por IDEICE